000 00292nam a22001337a 4500
008 180315b xxu||||| |||| 00| 0 eng d
020 _a9780553354447
041 _aeng
080 _a004
100 _a28
101 _aSHK
245 _aUsing aldus freehand 3.0
_cVenit,Sh
942 _2udc
_cBK
999 _c45091
_d45091